Process writing
Process Writing is a resource book which develops writing proficiency through the recursive techniques of "process writing". The book comprises a collection of procedures and lesson formats divided into six main sections, enabling teachers to dipin and create their own writing programme ac...
Đã lưu trong:
| Tác giả chính: | |
|---|---|
| Định dạng: | Sách |
| Ngôn ngữ: | Undetermined |
| Được phát hành: |
London
Longman
1997
|
| Những chủ đề: | |
| Các nhãn: |
Thêm thẻ
Không có thẻ, Là người đầu tiên thẻ bản ghi này!
|
| Thư viện lưu trữ: | Trung tâm Học liệu Trường Đại học Cần Thơ |
|---|
| LEADER | 00937nam a2200217Ia 4500 | ||
|---|---|---|---|
| 001 | CTU_35044 | ||
| 008 | 210402s9999 xx 000 0 und d | ||
| 020 | |b 45.000đ | ||
| 082 | |a 808.042 | ||
| 082 | |b W588 | ||
| 100 | |a White, Ron | ||
| 245 | 0 | |a Process writing | |
| 245 | 0 | |c Ron White, Valerie Arndt | |
| 260 | |a London | ||
| 260 | |b Longman | ||
| 260 | |c 1997 | ||
| 520 | |a Process Writing is a resource book which develops writing proficiency through the recursive techniques of "process writing". The book comprises a collection of procedures and lesson formats divided into six main sections, enabling teachers to dipin and create their own writing programme according to the needs of their students. | ||
| 650 | |a English language,English language | ||
| 650 | |x Compositions and exercises,Study and teaching,Foreign speakers,Study and teaching | ||
| 904 | |i Minh | ||
| 980 | |a Trung tâm Học liệu Trường Đại học Cần Thơ | ||